000 004500000a22001810004500
003 MACL
005 20160102155508.0
008 160102b xxu||||| |||| 00| 0 eng d
040 _aMACL
_cMACL
041 _aEnglish
082 _a791.4354/BAR
100 _aBarnouw, Erik
_927315
245 _aIndian Film
260 _bOrient Longmans Ltd
_c1963
_aNew Delhi
350 _a25
650 _aPublic Performence
_922287
942 _cBK
_k791.435/BAR
_2ddc
999 _c35699
_d35699